Pokémon - Les attaques de Balignon - Statistiques

Statistiques générales
  • Ce quiz a été pris 20 fois
  • Le résultat moyen est 9 sur 13
Statistiques - réponses
Niveaux Types Noms des attaques % Correct
Niveau 5 Plante Para-Spore
100%
Niveau 40 Plante Spore
100%
Niveau 8 Plante Vampigraine
92%
Départ Normal Charge
85%
Niveau 36 Plante Canon Graine
69%
Niveau 26 Plante Giga-Sangsue
69%
Niveau 12 Plante Méga-Sangsue
69%
Niveau 19 Poison Poudre Toxik
69%
Départ Plante Vol-Vie
69%
Niveau 33 Poison Toxik
62%
Niveau 15 Normal Coup d'Boule
46%
Niveau 22 Plante Soucigraine
46%
Niveau 29 Normal Croissance
31%
Aucun quiz correspondant
Distribution des résultats
% des personnes avec chaque résultat
Percentile par nombre de réponses
Votre historique - résultats
Vous n’avez pas pris ce quiz